Demographics of Perth - Language spoken at home by region - Statistics

General Stats
  • This quiz has been taken 97 times
  • The average score is 10 of 13
Answer Stats
Answer % Correct
Italian
89%
Mandarin
88%
French
87%
Spanish
85%
Arabic
81%
German
80%
Vietnamese
80%
Cantonese
79%
Tagalog / Filipino
76%
Indonesian
67%
Portuguese
67%
Afrikaans
56%
Punjabi
51%
No matching quizzes found
Score Distribution
Percent of People with Each Score
Percentile by Number Answered
Your Score History
You have not taken this quiz